000 00978nam a2200277 i 4500
001 000028282
003 DO-SdBNP
005 20250924073802.0
007 ta
008 110407s2004 dr 000 0 spa d
040 _aDO-SdBNP
_bspa
_cBNPHU
_erda
082 _axxx
_bC343o
_222
100 1 _aCassá, Roberto,
_d1948-
_eautor
_4aut.
_910888
245 1 0 _aOrígenes y proyecciones de la revolución de abril /
_cRoberto Cassá.
264 1 _aSanto Domingo :
_bEditora Universitaria,
_c2004.
300 _a38 páginas. ;
_c21 cm.
336 _atexto
_btxt
_2rdacontent
337 _asin mediación
_bn
_2rdamedia
338 _avolumen
_bnc
_2rdacarrier
490 _aColecciónPublicaciones de la Universidad Autónoma de Santo Domingo
_v1133
490 _aSerie Historia y Sociedad
_v103
590 _aInventariado, 2024/DG
830 _aPublicaciones de la Universidad Autónoma de Santo Domingo
_v1133
_n103
_pSerie Historia y Sociedad
_952
910 _aDG
942 _2ddc
_cLF2
999 _c27774
_d27774